01158 2200349 4500001002100000005001500021035002000036007000300056008004100059020002200100040002200122082001400144084001600158090002000174090002200194100003400216245017100250250003400421300005200455650002400507700002900531850001200560504003400572264004400606336002100650337003000671338002300701999002200724990002200746990002000768990002000788INLIS00000000085600220200707120330 a0010-0720000215ta200707s2020 yoia g ind d a978-623-244-074-6 aYOPDYOGbinderda04223a650.1 a650.1 EVI i aDEP 650.1 EVI i aCB-D.11 2020-01930 aEvita P. Purnamasariepenulis10aIde bisnis modal tipis 500 ribuan :blangkah sukses membangun, menerapkan strategi, hingga mengatasi hambatan bisnis /cEvita P. Purnamasari; penyunting, Fira Husaini aCetakan pertama, Januari 2020 axiii, 421 halaman :bilustrasi, gambar ;c20 cm 4aSukses dalam bisnis0 aFira Husainiepenyunting aYOPDYOG aBibliografi : halaman 419-42031aYogyakarta :bUnicorn publishing,c2020 2rdacontentateks 2rdamediaatanpa perantara 2rdacarrieravolume aCB-D.11/2020-0193 aCB-D.11/2020-0193 a47392-PD/B.2022 a47393-PD/B.2022